000 01481cam a2200361 a 4500
005 20260322212015.0
008 data
010 _a 2010040579
020 _a9780062289841 (hardcover)
020 _a9780062024022 (trade bdg.)
020 _a0062024027
040 _aDLC
_cDLC
_dDLC
042 _alcac
050 0 0 _aPZ7.R7375
_bDi 2011
082 0 0 _a[Fic]
_222
099 _aROTHV
100 1 _aRoth, Veronica.
245 1 0 _aDivergent /
_cVeronica Roth.
250 _a1st ed.
260 _aNew York :
_bKatherine Tegen Books,
_cc2011.
300 _a487 p. ;
_c22 cm.
500 _aSequel: Insurgent.
520 _aIn a future Chicago, sixteen-year-old Beatrice Prior must choose among five predetermined factions to define her identity for the rest of her life, a decision made more difficult when she discovers that she is an anomoly who does not fit into any one group, and that the society she lives in is not perfect after all.
650 1 _aIdentity
_vFiction.
650 1 _aFamilies
_vFiction.
650 1 _aCourage
_vFiction.
650 1 _aSocial classes
_vFiction.
650 1 _aScience fiction.
906 _a7
_bcbc
_corignew
_d1
_eecip
_f20
_gy-gencatlg
925 0 _aacquire
_b2 shelf copies
_xpolicy default
955 _fxc09 2011-07-18 2 copies to CALM
_txk02 2014-02-25, c. 3 to CALM
001 data
999 _c318
_d318